Statistics for Country Flags With Three Vertical Stripes

Click here to take the quiz!

General Stats

  • This quiz has been taken 94 times
    (57 since last reset)
  • The average score is 7 of 10

Answer Stats

Answer % Correct
France
89%
Ireland
89%
Italy
89%
Belgium
84%
Romania
73%
Nigeria
64%
Chad
59%
Mali
52%
Guinea
45%
Peru
36%

Score Distribution

Percentile by Number Answered

Percent of People with Each Score

Your Score History

You have not taken this quiz since the last reset